[Event "34th USA-ch (w)"]
[Site "Bloomington USA"]
[Date "1994.??.??"]
[Round "1"]
[White "Burtman, Sharon"]
[Black "Dimitrijevic, Vesna"]
[Result "1-0"]
[WhiteElo "2035"]
[BlackElo "2090"]
[EventDate "1994.07.27"]
[PlyCount "71"]

1.d4 d5 2.c4 c6 3.g3 Nf6 4.Bg2 e6 5.Nf3 Nbd7 6.O-O Bd6 7.Qc2 O-O 8.Nc3 a6 
9.e4 dxe4 10.Nxe4 Nxe4 11.Qxe4 Nf6 12.Qe2 h6 13.b3 Qa5 14.Bb2 Qh5 15.Rad1 
Re8 16.Rfe1 Bb4 17.Nd2 Qg6 18.a3 Be7 19.Nf3 Nd7 20.Ne5 Nxe5 21.dxe5 f5 22.
exf6 gxf6 23.Be4 Qf7 24.Qg4+ Kh8 25.Bg6 e5 26.Qh5 Qg7 27.Bxe8 Bg4 28.Qf7 
Qxf7 29.Bxf7 Kg7 30.Bh5 Bxh5 31.Rd7 Kf7 32.Rxb7 Bf3 33.Bxe5 c5 34.Rc7 Kf8 
35.Bf4 Bd8 36.Bxh6+ 1-0

[Event "34th USA-ch (w)"]
[Site "Bloomington USA"]
[Date "1994.??.??"]
[Round "1"]
[White "Marinello, Beatriz"]
[Black "Donaldson-Akhmilovskaya, Elena"]
[Result "1/2-1/2"]
[WhiteElo "2200"]
[BlackElo "2410"]
[EventDate "1994.07.27"]
[PlyCount "33"]

1.e4 e5 2.Nf3 Nc6 3.Nc3 Nf6 4.Bb5 d6 5.d4 exd4 6.Qxd4 Bd7 7.Bxc6 Bxc6 8.
Bg5 Be7 9.O-O-O O-O 10.Rhe1 h6 11.Bh4 Nd7 12.Bxe7 Qxe7 13.Nd5 Bxd5 14.exd5
Qf6 15.Qc4 Nc5 16.Rd4 Rfe8 17.Rxe8+ 1/2-1/2

[Event "34th USA-ch (w)"]
[Site "Bloomington USA"]
[Date "1994.??.??"]
[Round "1"]
[White "Sagalchik, Olga"]
[Black "Root, Alexey"]
[Result "1-0"]
[WhiteElo "2155"]
[BlackElo "2040"]
[EventDate "1994.07.27"]
[PlyCount "33"]

1.d4 e6 2.c4 f5 3.g3 Nf6 4.Bg2 d5 5.Nh3 c6 6.O-O Bd6 7.Bf4 O-O 8.Nd2 b6 9.
Rc1 Ne4 10.Nf3 Nd7 11.Bxd6 Nxd6 12.Nf4 Nf6 13.Ne5 Bd7 14.b4 g5 15.Nfd3 Rc8
16.c5 bxc5 17.Nxc5 1-0

[Event "34th USA-ch (w)"]
[Site "Bloomington USA"]
[Date "1994.??.??"]
[Round "1"]
[White "Tverskaya, Julia"]
[Black "Levitina, Irina"]
[Result "0-1"]
[WhiteElo "2125"]
[BlackElo "2425"]
[EventDate "1994.07.27"]
[PlyCount "72"]

1.e4 e6 2.d4 d5 3.Nc3 Bb4 4.e5 c5 5.a3 Bxc3+ 6.bxc3 Ne7 7.Nf3 b6 8.Bd3 Ba6
9.O-O Bxd3 10.Qxd3 O-O 11.Ng5 Ng6 12.h4 c4 13.Qh3 h6 14.Nf3 Nc6 15.Qg4 Kh7
16.Re1 Qe8 17.Qh5 f6 18.exf6 Rxf6 19.Ng5+ Kg8 20.Nf3 Qf7 21.Bd2 Re8 22.Re2
e5 23.Rae1 e4 24.Nh2 Kh7 25.Qg4 Nf4 26.Bxf4 Rxf4 27.Qg3 Re6 28.Qh3 Ref6 
29.f3 Qh5 30.Ng4 Rf8 31.Rf2 Ne7 32.fxe4 dxe4 33.Rxf4 Rxf4 34.Ne5 Rxh4 35.
Qe6 Rh1+ 36.Kf2 Qh4+ 0-1

[Event "34th USA-ch (w)"]
[Site "Bloomington USA"]
[Date "1994.??.??"]
[Round "2"]
[White "Dimitrijevic, Vesna"]
[Black "Tverskaya, Julia"]
[Result "0-1"]
[WhiteElo "2090"]
[BlackElo "2125"]
[EventDate "1994.07.27"]
[PlyCount "66"]

1.e4 e5 2.Nf3 Nc6 3.Bb5 a6 4.Ba4 Nf6 5.O-O Be7 6.Re1 b5 7.Bb3 O-O 8.c3 d6 
9.h3 Na5 10.Bc2 c5 11.d3 Ne8 12.Nbd2 f5 13.exf5 Bxf5 14.Ne4 Kh8 15.d4 cxd4
16.cxd4 d5 17.Ng3 Bxc2 18.Qxc2 e4 19.Ne5 Rc8 20.Qd1 Nc4 21.Ng4 Nf6 22.Ne3 
Bd6 23.Ne2 Bb8 24.a4 b4 25.a5 Qc7 26.Ng3 Qf7 27.Ne2 Rc6 28.Nc2 Nh5 29.Rf1 
Rg6 30.f4 exf3 31.Nf4 Nxf4 32.Rxf3 Nxh3+ 33.Kh1 Nf2+ 0-1

[Event "34th USA-ch (w)"]
[Site "Bloomington USA"]
[Date "1994.??.??"]
[Round "2"]
[White "Finegold, Gina"]
[Black "Burtman, Sharon"]
[Result "0-1"]
[WhiteElo "2115"]
[BlackElo "2035"]
[EventDate "1994.07.27"]
[PlyCount "78"]

1.d4 d5 2.c4 Bf5 3.Nc3 e6 4.Nf3 c6 5.Bf4 Nf6 6.Qb3 b6 7.e3 Bd6 8.Bxd6 Qxd6
9.cxd5 exd5 10.Be2 O-O 11.O-O Nbd7 12.Rfd1 Rfe8 13.a4 a5 14.Rac1 Rab8 15.
h3 Ne4 16.Nh4 Be6 17.Qc2 f5 18.f4 g5 19.Nf3 gxf4 20.Nxe4 fxe4 21.Ne5 Nxe5 
22.dxe5 Qxe5 23.Qxc6 Rec8 24.exf4 Rxc6 25.fxe5 Rxc1 26.Rxc1 Rc8 27.Rxc8+ 
Bxc8 28.Kf2 d4 29.Bc4+ Kf8 30.Bd5 e3+ 31.Kf3 Bf5 32.h4 h5 33.Bc4 Ke7 34.
Kf4 Bg4 35.Ke4 e2 36.Bxe2 Bxe2 37.Kxd4 Ke6 38.Ke4 Bd1 39.Kf4 Bxa4 0-1

[Event "34th USA-ch (w)"]
[Site "Bloomington USA"]
[Date "1994.??.??"]
[Round "2"]
[White "Levitina, Irina"]
[Black "Marinello, Beatriz"]
[Result "1-0"]
[WhiteElo "2425"]
[BlackElo "2200"]
[EventDate "1994.07.27"]
[PlyCount "97"]

1.d4 Nf6 2.Nf3 g6 3.Bg5 Bg7 4.Nbd2 d5 5.e3 Nbd7 6.Bd3 O-O 7.O-O Re8 8.c4 
c6 9.cxd5 cxd5 10.Rc1 Qb6 11.Qb3 h6 12.Bf4 Qe6 13.h3 Nb6 14.a4 g5 15.Bg3 
g4 16.hxg4 Qxg4 17.Ne5 Qh5 18.Rc7 Be6 19.Bb5 Ne4 20.Nxe4 dxe4 21.Qc2 Rec8 
22.Rxc8+ Rxc8 23.Qxe4 Bd5 24.Qf4 a6 25.a5 axb5 26.axb6 Bxe5 27.Qxe5 Qxe5 
28.Bxe5 Rc2 29.Ra1 f6 30.Bf4 Rxb2 31.f3 Ba2 32.Rc1 Rb1 33.Rxb1 Bxb1 34.
Bxh6 Kf7 35.e4 f5 36.exf5 Bxf5 37.Kf2 Ke6 38.g4 Bh7 39.Ke3 Kd5 40.Bf8 Ke6 
41.d5+ Kf7 42.Bh6 Bc2 43.Bf4 Bb3 44.d6 e6 45.Be5 Ke8 46.Kf4 Bd5 47.g5 Bc6 
48.g6 Kf8 49.Kg5 1-0

[Event "34th USA-ch (w)"]
[Site "Bloomington USA"]
[Date "1994.??.??"]
[Round "2"]
[White "Root, Alexey"]
[Black "Belakovskaia, Angelina"]
[Result "0-1"]
[WhiteElo "2040"]
[BlackElo "2315"]
[EventDate "1994.07.27"]
[PlyCount "78"]

1.e4 d6 2.Nc3 g6 3.g3 Bg7 4.Bg2 c5 5.d3 e6 6.Be3 Nc6 7.Qd2 Rb8 8.Nf3 Nd4 
9.O-O Ne7 10.Ne1 b5 11.Bh6 O-O 12.Bxg7 Kxg7 13.Nd1 b4 14.Ne3 e5 15.f4 f6 
16.Nf3 Be6 17.Rf2 a5 18.Raf1 Bxa2 19.fxe5 Nxf3+ 20.Rxf3 dxe5 21.Ng4 Ng8 
22.Kh1 Qd6 23.b3 a4 24.bxa4 Ra8 25.c3 Be6 26.Ne3 Rxa4 27.cxb4 cxb4 28.Nd5 
Bxd5 29.exd5 Ne7 30.d4 e4 31.Rf4 Nxd5 32.Rxe4 Nc3 33.Ref4 Ra2 34.Qd3 Qa6 
35.Qxa6 Rxa6 36.d5 Rb8 37.Re1 b3 38.Re7+ Kg8 39.h4 b2 0-1

[Event "34th USA-ch (w)"]
[Site "Bloomington USA"]
[Date "1994.??.??"]
[Round "3"]
[White "Donaldson-Akhmilovskaya, Elena"]
[Black "Root, Alexey"]
[Result "1-0"]
[WhiteElo "2410"]
[BlackElo "2040"]
[EventDate "1994.07.27"]
[PlyCount "73"]

1.d4 g6 2.Nf3 d6 3.c4 Bg7 4.Nc3 Nc6 5.d5 Na5 6.e4 c5 7.Bd2 Bd7 8.Rb1 Nf6 
9.h3 O-O 10.a3 Rc8 11.Bd3 a6 12.O-O b5 13.b3 bxc4 14.bxc4 Qc7 15.Qc2 Rb8 
16.Ne2 e5 17.Qc3 Nb7 18.Rb2 Nxe4 19.Bxe4 f5 20.Rfb1 fxe4 21.Ng5 Bf5 22.Qe3
Bh6 23.h4 Bc8 24.Qg3 Bf5 25.Ne6 Bxe6 26.Bxh6 Bf5 27.Bxf8 Kxf8 28.Qe3 Bc8 
29.Ng3 Ra8 30.Qxe4 a5 31.f4 exf4 32.Qxf4+ Kg7 33.Rf1 Bd7 34.Nh5+ gxh5 35.
Qg5+ Kh8 36.Rf7 Rg8 37.Qf6+ 1-0

[Event "34th USA-ch (w)"]
[Site "Bloomington USA"]
[Date "1994.??.??"]
[Round "3"]
[White "Marinello, Beatriz"]
[Black "Dimitrijevic, Vesna"]
[Result "1-0"]
[WhiteElo "2200"]
[BlackElo "2090"]
[EventDate "1994.07.27"]
[PlyCount "87"]

1.e4 e6 2.d4 d5 3.e5 c5 4.c3 Nc6 5.Nf3 Qb6 6.a3 c4 7.Nbd2 Na5 8.h4 Ne7 9.
h5 h6 10.Nh4 Bd7 11.g3 Nb3 12.Nxb3 Ba4 13.Bh3 Qxb3 14.Qf3 O-O-O 15.O-O Be8
16.Qe2 Nc6 17.Be3 Be7 18.f4 Bxh4 19.gxh4 Bd7 20.f5 Rdf8 21.f6 g5 22.hxg5 
hxg5 23.Kh2 Rfg8 24.Rg1 Qb6 25.Rg2 Rh7 26.Rag1 Rgh8 27.Rxg5 Qd8 28.Bg4 a5 
29.Bf3 b5 30.R1g3 b4 31.axb4 axb4 32.Qg2 Be8 33.Rg8 Rxh5+ 34.Bxh5 Rxh5+ 
35.Rh3 Rxh3+ 36.Qxh3 Kd7 37.Qh6 Qb8 38.Qf8 bxc3 39.bxc3 Qd8 40.Bc1 Qb8 41.
Ba3 Qd8 42.Kg3 Na7 43.Qd6+ Kc8 44.Qa6+ 1-0

[Event "34th USA-ch (w)"]
[Site "Bloomington USA"]
[Date "1994.??.??"]
[Round "3"]
[White "Sagalchik, Olga"]
[Black "Levitina, Irina"]
[Result "0-1"]
[WhiteElo "2155"]
[BlackElo "2425"]
[EventDate "1994.07.27"]
[PlyCount "96"]

1.d4 e6 2.c4 f5 3.g3 Nf6 4.Bg2 c6 5.Nh3 d6 6.O-O Be7 7.Nc3 O-O 8.b4 e5 9.
dxe5 dxe5 10.Qb3 Kh8 11.Rd1 Qe8 12.c5 a5 13.Na4 axb4 14.Nb6 Ra5 15.Nxc8 
Qxc8 16.Ng5 Nd5 17.Bxd5 cxd5 18.Rxd5 Nc6 19.Qc4 h6 20.Nf3 e4 21.Nd2 Bf6 
22.Rb1 Ne7 23.Qxb4 Nxd5 24.Qxa5 Nc3 25.Qb4 Nxb1 26.Nxb1 Rd8 27.Be3 Rd1+ 
28.Kg2 Qd7 29.Nd2 Kh7 30.Nc4 Ra1 31.Nd6 Rxa2 32.Qc4 Rb2 33.Qd5 Rxe2 34.
Qxf5+ Qxf5 35.Nxf5 Be5 36.h4 h5 37.g4 hxg4 38.Ng3 Bxg3 39.Kxg3 Re1 40.Kxg4
Kg6 41.h5+ Kf7 42.Kf5 Rh1 43.Kxe4 Rxh5 44.f4 Ke6 45.Bf2 g6 46.Bd4 Rh2 47.
Bg1 Ra2 48.Bd4 Ra4 0-1

[Event "34th USA-ch (w)"]
[Site "Bloomington USA"]
[Date "1994.??.??"]
[Round "4"]
[White "Dimitrijevic, Vesna"]
[Black "Sagalchik, Olga"]
[Result "0-1"]
[WhiteElo "2090"]
[BlackElo "2155"]
[EventDate "1994.07.27"]
[PlyCount "84"]

1.e4 c5 2.Nc3 Nc6 3.f4 g6 4.Nf3 Bg7 5.Bc4 d6 6.O-O e6 7.a4 Nge7 8.Qe1 a6 
9.d3 Nd4 10.Nxd4 cxd4 11.Ne2 Nc6 12.Kh1 O-O 13.Ng3 d5 14.Ba2 f5 15.Bd2 Kh8
16.c3 b5 17.axb5 axb5 18.Qd1 dxc3 19.Bxc3 Bxc3 20.bxc3 dxe4 21.d4 Qf6 22.
Ne2 Ne7 23.Qb3 Nd5 24.Rfe1 Bd7 25.Qb2 Nb6 26.Qb4 Rfc8 27.Bb3 Qf8 28.Ra5 
Qxb4 29.cxb4 Rxa5 30.bxa5 Nc4 31.Ra1 Nd2 32.Bd1 Ra8 33.a6 Ra7 34.Nc1 Bc8 
35.Ra2 Nc4 36.Be2 Rxa6 37.Rc2 Ra4 38.Kg1 Bb7 39.Na2 Nd6 40.Kf2 b4 41.Rb2 
b3 42.Nc1 Bd5 0-1

[Event "34th USA-ch (w)"]
[Site "Bloomington USA"]
[Date "1994.??.??"]
[Round "4"]
[White "Finegold, Gina"]
[Black "Marinello, Beatriz"]
[Result "0-1"]
[WhiteElo "2115"]
[BlackElo "2200"]
[EventDate "1994.07.27"]
[PlyCount "91"]

1.d4 Nf6 2.c4 g6 3.Nc3 Bg7 4.e4 d6 5.f4 O-O 6.Be2 c5 7.d5 e6 8.Nf3 exd5 9.
exd5 Re8 10.O-O Na6 11.Bd3 Ng4 12.Re1 Nh6 13.Rxe8+ Qxe8 14.a3 Nf5 15.Ne2 
Bd7 16.Rb1 Rb8 17.Qd2 h5 18.b3 b5 19.Bb2 bxc4 20.Bxc4 Nc7 21.Kf2 Bxb2 22.
Rxb2 Bb5 23.Bxb5 Nxb5 24.a4 Nc7 25.Nc3 Rb4 26.Na2 Re4 27.Nc3 Rb4 28.Na2 
Rb7 29.Nc3 Na6 30.Qe2 Qxe2+ 31.Kxe2 c4 32.Nb5 cxb3 33.Rxb3 Nc5 34.Ra3 a6 
35.Nc3 Rb2+ 36.Nd2 Nd4+ 37.Kd1 Nc2 38.Nc4 Rb4 39.Kxc2 Rxc4 40.g3 Kf8 41.
Ra2 Ke7 42.a5 Kf6 43.Kd2 Kf5 44.Ne2 Ke4 45.Nc3+ Kd4 46.Ra3 0-1

[Event "34th USA-ch (w)"]
[Site "Bloomington USA"]
[Date "1994.??.??"]
[Round "4"]
[White "Levitina, Irina"]
[Black "Donaldson-Akhmilovskaya, Elena"]
[Result "1/2-1/2"]
[WhiteElo "2425"]
[BlackElo "2410"]
[EventDate "1994.07.27"]
[PlyCount "21"]

1.d4 d5 2.c4 e6 3.Nc3 Nf6 4.Nf3 Be7 5.Bg5 h6 6.Bxf6 Bxf6 7.e3 O-O 8.Bd3 b6
9.O-O Bb7 10.cxd5 exd5 11.b4 1/2-1/2

[Event "34th USA-ch (w)"]
[Site "Bloomington USA"]
[Date "1994.??.??"]
[Round "4"]
[White "Root, Alexey"]
[Black "Burtman, Sharon"]
[Result "1/2-1/2"]
[WhiteElo "2040"]
[BlackElo "2035"]
[EventDate "1994.07.27"]
[PlyCount "83"]

1.e4 c5 2.Nc3 Nc6 3.g3 g6 4.Bg2 Bg7 5.d3 Rb8 6.Be3 d6 7.Qd2 b5 8.Nf3 b4 9.
Nd1 e6 10.O-O Nge7 11.d4 cxd4 12.Nxd4 Ne5 13.Qe2 Qa5 14.Nb3 Qa4 15.c4 Ba6 
16.Nd2 Qc2 17.Bxa7 Rb7 18.Ne3 Qxb2 19.Rab1 Qxa2 20.Bd4 Nf3+ 21.Bxf3 Bxd4 
22.Nb3 Qxe2 23.Bxe2 Bc5 24.Nxc5 dxc5 25.Ra1 Rb6 26.Ra5 Nc6 27.Rxc5 b3 28.
Rb1 O-O 29.Rb2 Rd8 30.Bd1 f6 31.Kg2 Kf8 32.Rxb3 Rxb3 33.Bxb3 Bb7 34.Ba4 
Ne5 35.Bc2 Rd2 36.Rc7 Rxc2 37.Nxc2 Bxe4+ 38.Kg1 Bxc2 39.Rxh7 Nf3+ 40.Kg2 
Be4 41.Rc7 Ne5+ 42.Kg1 1/2-1/2

[Event "34th USA-ch (w)"]
[Site "Bloomington USA"]
[Date "1994.??.??"]
[Round "5"]
[White "Levitina, Irina"]
[Black "Root, Alexey"]
[Result "1-0"]
[WhiteElo "2425"]
[BlackElo "2040"]
[EventDate "1994.07.27"]
[PlyCount "97"]

1.d4 g6 2.e4 d6 3.Nc3 a6 4.Bg5 b5 5.Qd2 Bb7 6.f3 Nd7 7.Nh3 Bg7 8.Nf2 c5 9.
d5 b4 10.Ncd1 a5 11.c4 a4 12.Rc1 a3 13.b3 h5 14.Be2 Bc8 15.O-O Bh6 16.Bxh6
Nxh6 17.Nd3 Kf8 18.N1f2 Kg7 19.f4 Nf6 20.h3 Kh7 21.Ne1 Qf8 22.Nf3 Qg7 23.
Bd3 Rd8 24.Rce1 Ne8 25.Re2 Nc7 26.Rfe1 Kh8 27.e5 Bf5 28.Ne4 f6 29.exd6 
exd6 30.Nxd6 Rxd6 31.Re7 Qf8 32.Rxc7 Rc8 33.Rce7 Bxd3 34.Qxd3 Nf5 35.R7e6 
Rxe6 36.Rxe6 Re8 37.g4 hxg4 38.hxg4 Rxe6 39.dxe6 Qd6 40.Qxd6 Nxd6 41.Kf2 
Kg7 42.Ke3 f5 43.gxf5 gxf5 44.Ne5 Ne4 45.e7 Nf6 46.Nd7 Ng4+ 47.Kd2 Kf7 48.
Nxc5 Kxe7 49.Nd3 1-0

[Event "34th USA-ch (w)"]
[Site "Bloomington USA"]
[Date "1994.??.??"]
[Round "5"]
[White "Marinello, Beatriz"]
[Black "Belakovskaia, Angelina"]
[Result "0-1"]
[WhiteElo "2200"]
[BlackElo "2315"]
[EventDate "1994.07.27"]
[PlyCount "74"]

1.e4 d6 2.d4 g6 3.Nc3 c6 4.f4 b5 5.Bd3 Bg7 6.Be3 Nd7 7.Nf3 Nb6 8.O-O Nf6 
9.h3 b4 10.Ne2 d5 11.e5 Ne4 12.c4 bxc3 13.bxc3 f5 14.exf6 exf6 15.c4 Nxc4 
16.Bxc4 dxc4 17.Qa4 Qd5 18.Rac1 Be6 19.f5 Bxf5 20.g4 Bd7 21.Rxc4 g5 22.Qc2
h5 23.Bxg5 Nxg5 24.Nxg5 Qxg5 25.Qe4+ Kd8 26.Nf4 Re8 27.Qc2 hxg4 28.Rxc6 
gxh3+ 29.Kh2 Qb5 30.Rc4 Bh6 31.Nd3 Qb8+ 32.Kh1 Qb7+ 33.Kh2 Qb8+ 34.Kh1 
Qb7+ 35.Kh2 Rg8 36.Rf2 Qb8+ 37.Kh1 Be3 0-1

[Event "34th USA-ch (w)"]
[Site "Bloomington USA"]
[Date "1994.??.??"]
[Round "5"]
[White "Sagalchik, Olga"]
[Black "Finegold, Gina"]
[Result "0-1"]
[WhiteElo "2155"]
[BlackElo "2115"]
[EventDate "1994.07.27"]
[PlyCount "100"]

1.d4 d5 2.c4 c6 3.Nc3 Nf6 4.e3 g6 5.Bd3 Bg7 6.Nge2 O-O 7.O-O Re8 8.f4 Bf5 
9.Ng3 Bxd3 10.Qxd3 e6 11.c5 b6 12.b4 a5 13.Na4 Nbd7 14.b5 bxc5 15.bxc6 c4 
16.Qc2 Nb8 17.Bd2 Nxc6 18.Rab1 Bf8 19.Nc3 Bb4 20.h3 h5 21.Nge2 h4 22.Be1 
Nh5 23.Qa4 Rc8 24.a3 Be7 25.Rb7 Rc7 26.Rb6 Qa8 27.Bf2 Rb8 28.Rfb1 Rxb6 29.
Rxb6 Rc8 30.Kh2 Bd8 31.Rb5 Kg7 32.Ng1 Na7 33.Rb1 Qc6 34.Qxc6 Nxc6 35.Nf3 
Be7 36.a4 Bb4 37.Nb5 Nf6 38.Bxh4 Ne4 39.Be1 Bxe1 40.Nxe1 Nb4 41.Rc1 c3 42.
Na3 c2 43.Kg1 Nc3 44.Kf2 Nca2 45.Rxc2 Nxc2 46.Nexc2 Nc3 47.g4 Nxa4 48.h4 
Rh8 49.Kg3 Rb8 50.g5 Nb2 0-1

[Event "34th USA-ch (w)"]
[Site "Bloomington USA"]
[Date "1994.??.??"]
[Round "5"]
[White "Tverskaya, Julia"]
[Black "Burtman, Sharon"]
[Result "1/2-1/2"]
[WhiteElo "2125"]
[BlackElo "2035"]
[EventDate "1994.07.27"]
[PlyCount "65"]

1.e4 c5 2.Nf3 Nc6 3.d4 cxd4 4.Nxd4 g6 5.Nc3 Bg7 6.Nb3 Nf6 7.Be2 O-O 8.O-O 
d6 9.Bg5 Be6 10.Kh1 Na5 11.e5 Nxb3 12.exf6 exf6 13.Bxf6 Bxf6 14.axb3 d5 
15.Bf3 d4 16.Ne4 Bg7 17.Nc5 Qb6 18.Nxb7 Rac8 19.Na5 Rc5 20.Qd2 Rfc8 21.Be4
Qc7 22.Bd3 Rxc2 23.Bxc2 Qxc2 24.Qxc2 Rxc2 25.Nc4 d3 26.Rxa7 Bxb2 27.Nxb2 
Rxb2 28.Ra8+ Kg7 29.h3 d2 30.Rb8 Bc4 31.bxc4 Rxb8 32.Rd1 Rc8 33.Rxd2 
1/2-1/2

[Event "34th USA-ch (w)"]
[Site "Bloomington USA"]
[Date "1994.??.??"]
[Round "6"]
[White "Burtman, Sharon"]
[Black "Marinello, Beatriz"]
[Result "1-0"]
[WhiteElo "2035"]
[BlackElo "2200"]
[EventDate "1994.07.27"]
[PlyCount "120"]

1.d4 Nf6 2.c4 g6 3.Nc3 Bg7 4.e4 d6 5.f3 O-O 6.Be3 e5 7.d5 Nh5 8.Qd2 Qh4+ 
9.Bf2 Qe7 10.O-O-O f5 11.exf5 gxf5 12.Nge2 Nd7 13.Kb1 a5 14.Nc1 b6 15.Bd3 
Nf4 16.g3 Nxd3 17.Nxd3 Nf6 18.Rhe1 Qf7 19.f4 Ne4 20.Qc2 Nxc3+ 21.bxc3 e4 
22.Nb2 a4 23.a3 Bd7 24.Qd2 Bf6 25.Rc1 Rab8 26.Nd1 b5 27.c5 dxc5 28.Bxc5 
Rfd8 29.Ne3 Kh8 30.Red1 Rbc8 31.Qa2 Re8 32.Qe2 c6 33.d6 Be6 34.Qd2 Red8 
35.Qb2 Rd7 36.Qb4 Rcd8 37.Rd2 Rc8 38.Kb2 h5 39.h3 Bg7 40.Rh1 Bh6 41.Rf2 
Rg8 42.Qd4+ Bg7 43.Qd1 Bb3 44.Qd2 Rb8 45.g4 b4 46.axb4 a3+ 47.Ka1 Be6 48.
Rg1 Rb5 49.gxf5 Bxf5 50.Rfg2 Bh6 51.Bd4+ Kh7 52.Bg7 Bxg7 53.Rxg7+ Qxg7 54.
Rxg7+ Kxg7 55.c4 Bxh3 56.cxb5 cxb5 57.Qd5 Rf7 58.Qxh5 Bd7 59.Qe5+ Kh7 60.
Ng4 Bxg4 1-0

[Event "34th USA-ch (w)"]
[Site "Bloomington USA"]
[Date "1994.??.??"]
[Round "6"]
[White "Dimitrijevic, Vesna"]
[Black "Levitina, Irina"]
[Result "1/2-1/2"]
[WhiteElo "2090"]
[BlackElo "2425"]
[EventDate "1994.07.27"]
[PlyCount "129"]

1.e4 Nf6 2.e5 Nd5 3.d4 d6 4.Nf3 g6 5.Bc4 Nb6 6.Bb3 d5 7.h3 Bg7 8.a4 a5 9.
O-O O-O 10.Re1 Nc6 11.c3 f6 12.exf6 exf6 13.Nbd2 Re8 14.Nf1 Be6 15.Bf4 Qd7
16.Bc2 Nc4 17.b3 Nd6 18.Ng3 Ne7 19.Qd2 Nef5 20.Nxf5 Bxf5 21.Bxf5 Nxf5 22.
Rxe8+ Rxe8 23.Re1 Re4 24.Rxe4 dxe4 25.Ne1 Bf8 26.Qe2 Qc6 27.Qc4+ Qxc4 28.
bxc4 Bd6 29.Bd2 c6 30.Nc2 Kf7 31.c5 Bc7 32.Na3 Ke6 33.Kf1 Ne7 34.Ke2 f5 
35.g3 Nd5 36.c4 Nb4 37.Bg5 Nd3 38.f3 Nb2 39.fxe4 fxe4 40.g4 Nxa4 41.Ke3 b6
42.cxb6 Nxb6 43.Kxe4 a4 44.Bd2 Nc8 45.d5+ cxd5+ 46.cxd5+ Kd7 47.Bb4 Bd6 
48.Bxd6 Nxd6+ 49.Kf4 Ke7 50.h4 Kf6 51.g5+ Kf7 52.Ke5 Ke7 53.Kf4 Nf5 54.h5 
Kd6 55.hxg6 hxg6 56.Ke4 Ne7 57.Nc4+ Kc5 58.d6 Nc6 59.Kd3 Kb4 60.d7 a3 61.
Nxa3 Kxa3 62.Ke4 Kb4 63.Kd5 Kb5 64.Ke6 Kb6 65.Kf6 1/2-1/2

[Event "34th USA-ch (w)"]
[Site "Bloomington USA"]
[Date "1994.??.??"]
[Round "6"]
[White "Finegold, Gina"]
[Black "Donaldson-Akhmilovskaya, Elena"]
[Result "0-1"]
[WhiteElo "2115"]
[BlackElo "2410"]
[EventDate "1994.07.27"]
[PlyCount "50"]

1.d4 Nf6 2.c4 e6 3.Nc3 Bb4 4.Qc2 c5 5.dxc5 Na6 6.a3 Bxc3+ 7.Qxc3 Nxc5 8.b4
Nce4 9.Qd4 d5 10.cxd5 exd5 11.Bb2 O-O 12.Nf3 a5 13.bxa5 Qxa5+ 14.Nd2 Be6 
15.f3 Nd6 16.e3 Nf5 17.Qd3 Qb6 18.Bxf6 gxf6 19.Kf2 d4 20.e4 Ne3 21.a4 Rfc8
22.Be2 Rc3 23.Qb1 Qd6 24.e5 Qxe5 25.Qe4 Rc2 0-1

[Event "34th USA-ch (w)"]
[Site "Bloomington USA"]
[Date "1994.??.??"]
[Round "6"]
[White "Root, Alexey"]
[Black "Tverskaya, Julia"]
[Result "0-1"]
[WhiteElo "2040"]
[BlackElo "2125"]
[EventDate "1994.07.27"]
[PlyCount "110"]

1.e4 e5 2.Nf3 Nc6 3.Bb5 a6 4.Bxc6 dxc6 5.Nc3 Qd6 6.d4 exd4 7.Nxd4 Bd7 8.
Nde2 O-O-O 9.Qxd6 cxd6 10.Bf4 Nf6 11.O-O-O Ng4 12.Bg3 h5 13.h4 g6 14.Kb1 
b5 15.f3 Ne3 16.Rd3 Nc4 17.b3 Ne5 18.Rd2 Be7 19.Rhd1 Rhe8 20.Nf4 f5 21.Nd3
Bf6 22.Nxe5 dxe5 23.a4 Be6 24.Rxd8+ Rxd8 25.Rxd8+ Kxd8 26.axb5 axb5 27.Kc1
Kd7 28.Kd2 Kd6 29.Kd3 Bd7 30.Bf2 Bd8 31.Bg3 Bc8 32.b4 Be6 33.Nd1 Bc4+ 34.
Kd2 Ke6 35.Ke1 Be7 36.c3 Bd8 37.Nb2 Ba2 38.Nd3 Bf6 39.Nc5+ Kd6 40.Nd3 Bb1 
41.Ke2 Bg7 42.Bf2 Bh6 43.Ba7 Ke6 44.Bb8 Bxd3+ 45.Kxd3 Bf4 46.Bc7 Kd7 47.
Bb8 Bg3 48.Ke2 Ke6 49.Kd3 Bxh4 50.Ke2 Be7 51.Kf2 c5 52.bxc5 Bxc5+ 53.Kg3 
Bb6 54.Kh3 Ba5 55.exf5+ Kxf5 0-1

[Event "34th USA-ch (w)"]
[Site "Bloomington USA"]
[Date "1994.??.??"]
[Round "7"]
[White "Dimitrijevic, Vesna"]
[Black "Root, Alexey"]
[Result "0-1"]
[WhiteElo "2090"]
[BlackElo "2040"]
[EventDate "1994.07.27"]
[PlyCount "70"]

1.e4 g6 2.f4 d5 3.e5 c5 4.c3 Nc6 5.Nf3 Bg4 6.Be2 Nh6 7.d3 Nf5 8.O-O Bg7 9.
Ng5 Bxe2 10.Qxe2 h6 11.Nf3 e6 12.Nbd2 O-O 13.Qf2 b6 14.g4 Nfe7 15.Re1 f6 
16.exf6 Rxf6 17.Nf1 Qd6 18.g5 hxg5 19.fxg5 Rf7 20.Qe2 Raf8 21.N1d2 e5 22.
Rf1 Qe6 23.Nh4 Qh3 24.Rxf7 Rxf7 25.Ndf3 Qg4+ 26.Qg2 Qxg2+ 27.Kxg2 e4 28.
dxe4 dxe4 29.Ng1 Ne5 30.Rb1 Nd3 31.Be3 Nd5 32.Bc1 Rf2+ 33.Kh3 Be5 34.Ng2 
Rf1 35.Ne2 Rh1 0-1

[Event "34th USA-ch (w)"]
[Site "Bloomington USA"]
[Date "1994.??.??"]
[Round "7"]
[White "Donaldson-Akhmilovskaya, Elena"]
[Black "Belakovskaia, Angelina"]
[Result "1-0"]
[WhiteElo "2410"]
[BlackElo "2315"]
[EventDate "1994.07.27"]
[PlyCount "95"]

1.d4 Nf6 2.c4 g6 3.Nf3 Bg7 4.g3 d5 5.cxd5 Nxd5 6.Bg2 Nb6 7.Nc3 Nc6 8.e3 e5
9.d5 Nb4 10.e4 c6 11.a3 Na6 12.dxc6 Qxd1+ 13.Nxd1 bxc6 14.Be3 Nc7 15.Rc1 
Bd7 16.O-O Nb5 17.Bc5 Na4 18.Re1 Nxc5 19.Rxc5 f6 20.Ne3 Bf8 21.Rc2 Be7 22.
Bf1 Nd6 23.Nc4 Nxc4 24.Bxc4 Bd8 25.Bb3 Ba5 26.Rec1 Ke7 27.Ba4 Rac8 28.Bxc6
Bg4 29.Kg2 Bxf3+ 30.Kxf3 Rc7 31.b4 Bb6 32.a4 Rhc8 33.a5 Bd4 34.b5 Kd6 35.
a6 Rb8 36.Bb7 Rxc2 37.Rxc2 Bc5 38.b6 Bxb6 39.Rc6+ Kd7 40.Rxb6 axb6 41.a7 
Rxb7 42.a8=Q Kc7 43.Qh8 b5 44.Qxh7+ Kb8 45.Qxg6 b4 46.Qxf6 b3 47.Qxe5+ Kc8
48.Qb2 1-0

[Event "34th USA-ch (w)"]
[Site "Bloomington USA"]
[Date "1994.??.??"]
[Round "7"]
[White "Marinello, Beatriz"]
[Black "Tverskaya, Julia"]
[Result "1-0"]
[WhiteElo "2200"]
[BlackElo "2125"]
[EventDate "1994.07.27"]
[PlyCount "79"]

1.e4 e5 2.Nf3 Nc6 3.Nc3 Nf6 4.Bb5 Nd4 5.Ba4 c6 6.Nxe5 Qe7 7.Nf3 Nxe4 8.O-O
Nxc3 9.dxc3 Nxf3+ 10.Qxf3 d6 11.Bxc6+ Kd8 12.Bd5 f6 13.Bf4 g5 14.Rfe1 Qg7 
15.Be3 h5 16.Bd4 Rh6 17.Qe3 Qe7 18.Bxa7 Qxe3 19.Bxe3 Kc7 20.a4 Ra5 21.c4 
Bd7 22.b3 Rg6 23.Bd2 Ra8 24.a5 f5 25.Bc3 Bg7 26.Bxg7 Rxg7 27.b4 f4 28.b5 
Rb8 29.Re2 g4 30.Rae1 Kd8 31.Re4 f3 32.Rf4 Be8 33.Rf6 Rg5 34.Rxd6+ Kc7 35.
Rb6 fxg2 36.Re7+ Bd7 37.Rxb7+ Rxb7 38.Bxb7 Kxb7 39.Rxd7+ Kc8 40.Rd5 1-0

[Event "34th USA-ch (w)"]
[Site "Bloomington USA"]
[Date "1994.??.??"]
[Round "7"]
[White "Sagalchik, Olga"]
[Black "Burtman, Sharon"]
[Result "1/2-1/2"]
[WhiteElo "2155"]
[BlackElo "2035"]
[EventDate "1994.07.27"]
[PlyCount "94"]

1.d4 d5 2.c4 Bf5 3.Nc3 e6 4.Nf3 c6 5.e3 Nf6 6.a3 Nbd7 7.cxd5 exd5 8.Be2 
Bd6 9.O-O h6 10.Nd2 O-O 11.f4 Re8 12.Nf3 Ne4 13.Ne5 Ndf6 14.Na2 c5 15.b3 
Qa5 16.dxc5 Qxc5 17.b4 Qb6 18.Nf3 a5 19.Qd4 Qxd4 20.Nxd4 Bd7 21.Bb2 axb4 
22.Nxb4 Ra5 23.Nb3 Ra4 24.Nc2 Rc8 25.Ncd4 Raa8 26.Rfc1 Nc5 27.Nxc5 Bxc5 
28.Bd3 b6 29.Rd1 Ba4 30.Rd2 Re8 31.Nf5 Bb5 32.Rdd1 Ba4 33.Re1 Bd7 34.Nd4 
Ne4 35.Nb3 Bd6 36.Bd4 Rxa3 37.Rxa3 Bxa3 38.Bxe4 dxe4 39.Ra1 Bf8 40.Bxb6 
Rb8 41.Bc5 Be6 42.Bxf8 Bxb3 43.Bc5 Bc2 44.g4 Rb1+ 45.Rxb1 Bxb1 46.Kf2 Bd3 
47.Kg3 Be2 1/2-1/2

[Event "34th USA-ch (w)"]
[Site "Bloomington USA"]
[Date "1994.??.??"]
[Round "8"]
[White "Finegold, Gina"]
[Black "Dimitrijevic, Vesna"]
[Result "0-1"]
[WhiteElo "2115"]
[BlackElo "2090"]
[EventDate "1994.07.27"]
[PlyCount "96"]

1.d4 Nf6 2.c4 e5 3.dxe5 Ng4 4.Nf3 Bc5 5.e3 Nc6 6.Qd5 Qe7 7.a3 a5 8.Nc3 
Ngxe5 9.Be2 O-O 10.O-O Nxf3+ 11.Bxf3 Ne5 12.Be2 Ra6 13.Na4 Ba7 14.c5 Rh6 
15.e4 Rc6 16.b4 Rg6 17.Bh5 Re6 18.f4 Nc6 19.b5 Rxe4 20.bxc6 Rxa4 21.cxb7 
Qxc5+ 22.Qxc5 Bxc5+ 23.Kh1 Bxb7 24.Bb2 Rc4 25.Rac1 Rxc1 26.Rxc1 Bb6 27.Re1
Bc6 28.f5 d5 29.Bf3 Ba8 30.f6 d4 31.Bd1 Bd5 32.Ba4 gxf6 33.h4 c5 34.Bc1 h5
35.Bf4 Rd8 36.Rb1 Ba7 37.Rb5 Bc6 38.Rxa5 Bxa4 39.Rxa7 Bb3 40.Rc7 c4 41.Rc6
Kg7 42.Rd6 Rxd6 43.Bxd6 Kg6 44.Kg1 Kf5 45.Kf2 Ke4 46.Ke1 f5 47.g3 c3 48.
Be7 d3 0-1